000 01610 a2200241 4500
001 39241
005 20260407155651.0
008 260407a1989 arg spa d
003 AR-UNSa-BCEJYS
040 _aAR-UNSa-BCEJYS
_bspa
_cAR-UNSa-BCEJYS
080 _a658.8
_xOrganización de mercados. Marketing. Ventas. Distribución
245 1 0 _aMaximarketing
264 1 _aMadrid :
_bMcGraw-Hill
_c1989
300 _a306 p.
_c23 cm.
505 _a1. Problemas y retos de los mercados de hoy - 2.Esencia de la solución Maxi Marketing - 3. Maximización de la fijación del objetivo: a la caza de nuestros mejores clientes - 4. Maximización de los medios: el nuevo desconcierto de los ricos - 5. Maximización de la fiabilidad: demostración de que si funciona - 6. Maximización de la publicidad de concienciación: Una llamada a todo el cerebro - 7. Maximización de la activación: mejores promociones de ventas y mas publicidad de investigación - 8. Maximización de la sinergia: publicidad de doble propósito - 9. Maximización de los vínculos: motivación de los consumidores interesados - 10. Maximización de las ventas mediante la participación en las mentes y las bases de datos de los clientes - 11. Maximización de la distribución mediante canales múltiples - 12. ¿ Y después que ?
942 _cBK
590 _aniveau_biblio:m niveau_hierar:0
100 1 _aHass Garcia, Roberto
700 1 _aRapp, Stan
700 1 _aCollins, Thomas L.
700 1 _aArmada Diez de Rivera, Isabel
856 4 1 _uhttps://biblioeco.unsa.edu.ar/pmb/images/libros/L58747.jpg
_yImagen de portada
_qimage/jpeg
999 _c2984
_d2984